Podmínky přijetí cenného papíru k burzovnímu obchodu na Burze cenných papírů v Praze.

Žiadosť o kotáciu a povolenie kotácie. Základné podmienky kotácie. Prospekt, ktorý slúži investorovi pri posúdení cenného papiera kotovaného na burze. Obsah kotačného inzerátu. Povinnosti emitenta cenného papiera. Pozastavenie, zrušenie a skončenie kotácie.

Na minha lista:
Detalhes bibliográficos
Formato: Capítulo de Livro
Idioma:tcheco
Assuntos:
Tags: Adicionar Tag
Sem tags, seja o primeiro a adicionar uma tag!

MARC

LEADER 00000naa a2200000 4500
001 r011981
005 20220826093208.6
041 0 |a cze 
044 |a CZ 
245 1 0 |a Podmínky přijetí cenného papíru k burzovnímu obchodu na Burze cenných papírů v Praze. 
520 |a Žiadosť o kotáciu a povolenie kotácie. Základné podmienky kotácie. Prospekt, ktorý slúži investorovi pri posúdení cenného papiera kotovaného na burze. Obsah kotačného inzerátu. Povinnosti emitenta cenného papiera. Pozastavenie, zrušenie a skončenie kotácie. 
610 2 0 |a burzy 
610 2 0 |a Česko 
610 2 0 |a obchody burzové 
610 2 0 |a papiere cenné 
610 2 0 |a BCP Praha